| 000 | 00785nam a22002297a 4500 | ||
|---|---|---|---|
| 999 |
_c11450 _d11450 |
||
| 003 | AR-CdUCM | ||
| 008 | 190404b ||||| |||| 00| 0 spa d | ||
| 040 |
_aMUNICIPALIDAD PROVINCIAL DEL CUSCO _cBIBLIOTECA MUNICIPAL DEL CUSCO |
||
| 041 | _hger | ||
| 082 |
_a621.38 / _bR469 / 1959 _22ed. |
||
| 100 |
_aRhein, Eduard _928818 |
||
| 245 |
_aTu y la electricidad : _bUna electrotecnia para todos / |
||
| 260 |
_aBarcelona : _bLabor, _c1959. |
||
| 300 |
_a469 páginas ; _bIlustraciones, _c22 cm. |
||
| 505 | _aContenido: En el mundo de la fantasía -- Las Fuerzas Impulsoras ... | ||
| 650 |
_aIngeniería Eléctrica _923057 |
||
| 650 |
_aElectronica _920935 |
||
| 650 |
_aMecanica _919257 |
||
| 700 |
_aRodriguez, Estanislao (traductor) _928819 |
||
| 942 |
_2ddc _cLIBROS |
||
| 945 | _acmm | ||